000 00875nam a2200265 a 4500
001 85508
003 BD-RjUL
005 20250811155022.0
008 250811r19551947nyuaf b 001 0beng
035 _a(BD-RjUL)85508
040 _aDLC
_cDLC
_dDLC
_dBD-RjUL
_beng
041 _aeng
082 0 0 _223
_a973.70924
_bPAL 1955
100 1 _aAngle, Paul M.
_q(Paul McClelland),
_d1900-1975,
_eed.
_916566
245 1 4 _aThe Lincoln reader /
_cedited, with an introd. by Paul M. Angle.
260 _aNew York :
_bPocket Books,
_c1955, ©1947
300 _axii, 626 pages
_bill. ;
_c17 cm
336 _atext
_btxt
_2rdacontent
337 _aunmediated
_bn
_2rdamedia
338 _avolume
_bnc
_2rdacarrier
504 _aIncludes Bibliography and index.
600 1 0 _aLincoln, Abraham,
_d1809-1865.
_915484
650 0 _aPresidents
_zUnited States
_xBiography.
_916567
942 _2ddc
_cBK
999 _c85508
_d85508